Clubes que mais venceram campeonatos nacionais da CONMEBOL - Statistics

Estatísticas Gerais
  • Esse quiz foi jogado 95 vezes
  • A pontuação média é 8 de 10
Estatísticas das Respostas
País Vezes Ganhou Clube % Correto
Argentina 38 Club Atlético River Plate
99%
Brasil 12 Sociedade Esportiva Palmeiras
99%
Chile 33 Club Social y Deportivo Colo-Colo
85%
Colômbia 17 Atlético Nacional
81%
Paraguai 46 Club Olimpia
81%
Uruguai 51 Club Atlético Peñarol
80%
Bolívia 30 Fútbol Club Bolívar da Bolívia
74%
Equador 16 Barcelona Sporting Club
73%
Venezuela 12 Caracas Fútbol Club
68%
Peru 27 Club Universitario de Deportes
64%
Nenhum quiz correspondente encontrado
Distribuição das Pontuações
Porcentagem de Pessoas com Cada Pontuação
Percentil de Números Respondidos
Sua Pontuação Histórica
Você não jogou esse quiz